000
00272nam a22001217a 4500
008
181221b xxu||||| |||| 00| 0 eng d
041
_a
eng
080
_a
070
100
_a
40
101
_a
MK
245
_a
Grouping for Ethics in Journalism
_c
Smith, R.F
942
_2
udc
_c
BK
999
_c
53626
_d
53626